| 000 | 01075 a2200301 4500 | ||
|---|---|---|---|
| 003 | Nust | ||
| 005 | 20170207154031.0 | ||
| 020 | _a0-201-57168-4 (hft.) ; | ||
| 040 | _cNust | ||
| 082 | _a005.117 | ||
| 082 | _a005.117 | ||
| 082 | _a005.117 | ||
| 100 | 1 | _aBooch, Grady | |
| 245 | 0 | 4 |
_aThe Unified Modeling Language user guide (E-Book) _cGrady Booch, James Rumbaugh, Ivar Jacobson |
| 260 |
_aHarlow : _bAddison-Wesley, _ccop. 1999 |
||
| 300 |
_axxii, 482 s. : _bill. |
||
| 440 | 0 | _aAddison-Wesley object technology series, | |
| 505 | _aI: Getting Started, II: Basic Structural Modeling, III: Advanced Structural Modeling, IV: Basic Behavioral Modeling, V: Advanced Behavioral Modeling, VI: Architectural Modeling, VII: Wrapping Up. | ||
| 650 | 0 | _aObject oriented programming (Computer science) | |
| 650 | 0 | _aObject-oriented programming | |
| 650 | 0 | _aObjektorienterad programmering | |
| 650 | 0 | _aObjektorienterad programmering | |
| 650 | 0 | _aUML | |
| 650 | 0 | _aUML (Computer science) | |
| 651 | _a(E-Book) | ||
| 700 | 1 | _aJacobson, Ivar | |
| 700 | 1 | _aRumbaugh, James | |
| 942 |
_2ddc _cBK |
||
| 999 |
_c192153 _d192153 |
||